| 000 | 00440cam a22001217a 4500 | ||
|---|---|---|---|
| 008 | 180718b-- xxu||||| |||| 00| 0 eng d | ||
| 082 | _aXA94068x5442 W892/P | ||
| 100 | _aIndia. Ministry of Labour and Employment. Labour Bureau | ||
| 245 | _aWorking class family income and expenditure survey, Pune | ||
| 260 |
_aDelhi _bThe Controller of Publications _c-- |
||
| 500 | _aLibrary has 1999/2000 | ||
| 650 | _aHouseholds - India - Maharashtra - Pune | ||
| 999 |
_c491933 _d491933 |
||